<?xml version="1.0" encoding="UTF-8"?>
<record
    xmlns:xsi="http://www.w3.org/2001/XMLSchema-instance"
    xsi:schemaLocation="http://www.loc.gov/MARC21/slim http://www.loc.gov/standards/marcxml/schema/MARC21slim.xsd"
    xmlns="http://www.loc.gov/MARC21/slim">

  <leader>00387nam a2200145Ia 4500</leader>
  <controlfield tag="008">150201s2013    xx            000 0 und d</controlfield>
  <datafield tag="082" ind1=" " ind2=" ">
    <subfield code="a">614.1</subfield>
    <subfield code="b">E13R</subfield>
  </datafield>
  <datafield tag="100" ind1=" " ind2=" ">
    <subfield code="a">REDDY, KS. NARAYAN</subfield>
  </datafield>
  <datafield tag="245" ind1=" " ind2=" ">
    <subfield code="a">THE ESSENTIALS OF FORENSIC MEDICINE &amp; TOXICOLOGY</subfield>
  </datafield>
  <datafield tag="250" ind1=" " ind2=" ">
    <subfield code="a">32TH</subfield>
  </datafield>
  <datafield tag="260" ind1=" " ind2=" ">
    <subfield code="b">K. SUGUNA DEVI</subfield>
    <subfield code="a">HYD INDIA</subfield>
    <subfield code="c">2013</subfield>
  </datafield>
  <datafield tag="300" ind1=" " ind2=" ">
    <subfield code="a">1-651</subfield>
  </datafield>
  <datafield tag="650" ind1=" " ind2=" ">
    <subfield code="a">FORENSIC MEDICINE</subfield>
  </datafield>
  <datafield tag="942" ind1=" " ind2=" ">
    <subfield code="2">ddc</subfield>
    <subfield code="c">BK</subfield>
    <subfield code="0">13</subfield>
  </datafield>
  <datafield tag="952" ind1=" " ind2=" ">
    <subfield code="0">0</subfield>
    <subfield code="1">0</subfield>
    <subfield code="2">ddc</subfield>
    <subfield code="4">0</subfield>
    <subfield code="7">0</subfield>
    <subfield code="8">MEDICAL</subfield>
    <subfield code="a">FM</subfield>
    <subfield code="b">FM</subfield>
    <subfield code="c">TXT</subfield>
    <subfield code="d">2014-06-07</subfield>
    <subfield code="e">ABC DELHI</subfield>
    <subfield code="g">380.00</subfield>
    <subfield code="i">SGTU</subfield>
    <subfield code="l">10</subfield>
    <subfield code="o">614.1 E13R</subfield>
    <subfield code="p">FM6033</subfield>
    <subfield code="r">2026-03-16 00:00:00</subfield>
    <subfield code="s">2026-02-25</subfield>
    <subfield code="w">2014-07-14</subfield>
    <subfield code="y">BK</subfield>
    <subfield code="k">4670</subfield>
  </datafield>
  <datafield tag="952" ind1=" " ind2=" ">
    <subfield code="0">0</subfield>
    <subfield code="1">0</subfield>
    <subfield code="2">ddc</subfield>
    <subfield code="4">0</subfield>
    <subfield code="7">0</subfield>
    <subfield code="8">MEDICAL</subfield>
    <subfield code="a">FM</subfield>
    <subfield code="b">FM</subfield>
    <subfield code="c">TXT</subfield>
    <subfield code="d">2014-06-07</subfield>
    <subfield code="e">ABC DELHI</subfield>
    <subfield code="g">380.00</subfield>
    <subfield code="i">SGTU</subfield>
    <subfield code="l">9</subfield>
    <subfield code="o">614.1 E13R</subfield>
    <subfield code="p">FM6034</subfield>
    <subfield code="r">2024-06-21 00:00:00</subfield>
    <subfield code="s">2024-06-08</subfield>
    <subfield code="w">2014-07-14</subfield>
    <subfield code="y">BK</subfield>
    <subfield code="k">4670</subfield>
  </datafield>
  <datafield tag="952" ind1=" " ind2=" ">
    <subfield code="0">0</subfield>
    <subfield code="1">0</subfield>
    <subfield code="2">ddc</subfield>
    <subfield code="4">0</subfield>
    <subfield code="7">0</subfield>
    <subfield code="8">MEDICAL</subfield>
    <subfield code="a">FM</subfield>
    <subfield code="b">FM</subfield>
    <subfield code="c">TXT</subfield>
    <subfield code="d">2014-06-07</subfield>
    <subfield code="e">ABC DELHI</subfield>
    <subfield code="g">380.00</subfield>
    <subfield code="i">SGTU</subfield>
    <subfield code="l">5</subfield>
    <subfield code="o">614.1 E13R</subfield>
    <subfield code="p">FM6035</subfield>
    <subfield code="r">2022-09-27 00:00:00</subfield>
    <subfield code="s">2022-09-14</subfield>
    <subfield code="w">2014-07-14</subfield>
    <subfield code="y">BK</subfield>
    <subfield code="k">4670</subfield>
  </datafield>
  <datafield tag="952" ind1=" " ind2=" ">
    <subfield code="0">0</subfield>
    <subfield code="1">0</subfield>
    <subfield code="2">ddc</subfield>
    <subfield code="4">0</subfield>
    <subfield code="7">0</subfield>
    <subfield code="8">MEDICAL</subfield>
    <subfield code="a">FM</subfield>
    <subfield code="b">FM</subfield>
    <subfield code="c">TXT</subfield>
    <subfield code="d">2014-06-07</subfield>
    <subfield code="e">ABC DELHI</subfield>
    <subfield code="g">380.00</subfield>
    <subfield code="i">SGTU</subfield>
    <subfield code="l">6</subfield>
    <subfield code="o">614.1 E13R</subfield>
    <subfield code="p">FM6036</subfield>
    <subfield code="r">2025-09-26 00:00:00</subfield>
    <subfield code="s">2025-09-11</subfield>
    <subfield code="w">2014-07-14</subfield>
    <subfield code="y">BK</subfield>
    <subfield code="k">4670</subfield>
  </datafield>
  <datafield tag="952" ind1=" " ind2=" ">
    <subfield code="0">0</subfield>
    <subfield code="1">0</subfield>
    <subfield code="2">ddc</subfield>
    <subfield code="4">0</subfield>
    <subfield code="7">0</subfield>
    <subfield code="8">MEDICAL</subfield>
    <subfield code="a">FM</subfield>
    <subfield code="b">FM</subfield>
    <subfield code="c">TXT</subfield>
    <subfield code="d">2014-06-07</subfield>
    <subfield code="e">ABC DELHI</subfield>
    <subfield code="g">380.00</subfield>
    <subfield code="i">SGTU</subfield>
    <subfield code="l">5</subfield>
    <subfield code="o">614.1 E13R</subfield>
    <subfield code="p">FM6037</subfield>
    <subfield code="r">2023-08-12 00:00:00</subfield>
    <subfield code="s">2023-07-28</subfield>
    <subfield code="w">2014-07-14</subfield>
    <subfield code="y">BK</subfield>
    <subfield code="k">4670</subfield>
  </datafield>
  <datafield tag="999" ind1=" " ind2=" ">
    <subfield code="c">1774</subfield>
    <subfield code="d">1774</subfield>
  </datafield>
</record>
